[Event "Ruhrgebiet Verbandsbezirksliga Gr 1"]
[Site "Ruhrgebiet"]
[Date "2019.01.27"]
[Round "5.5"]
[White "Schreiber, Alfred"]
[Black "Jenke, Johannes"]
[Result "1-0"]
[WhiteElo "1729"]
[BlackElo "1662"]
[PlyCount "79"]
[EventDate "2018.09.30"]
[EventType "team-tourn"]
[EventRounds "9"]
[EventCountry "GER"]
[SourceTitle "EXT 2022"]
[Source "ChessBase"]
[SourceDate "2021.10.06"]
[SourceVersion "1"]
[SourceVersionDate "2021.10.06"]
[SourceQuality "1"]
[WhiteTeam "Werne SK"]
[BlackTeam "Werl SC 1981 II"]
[WhiteTeamCountry "GER"]
[BlackTeamCountry "GER"]

1. c4 e6 2. Nc3 d5 3. cxd5 exd5 4. d4 Nf6 5. g3 c6 6. Bg2 Bd6 7. Bg5 h6 8. Bxf6 Qxf6 9. e3 0-0 10. Nge2 Bf5 11. 0-0 Re8 12. a3 Nd7 13. b4 Rad8 14. Na4 b6 15. Rc1 Nb8 16. Rc3 g5 17. Qd2 Rd7 18. Rfc1 Rdd8 19. Rf1 Rd7 20. f3 Qg6 21. Nb2 f6 22. Kf2 Rdd8 23. Nd3 Rd7 24. Re1 Rdd8 25. Ng1 Rd7 26. Kf1 h5 27. Nf2 Rde7 28. Rcc1 Kg7 29. Re2 Bc7 30. Rce1 g4 31. e4 gxf3 32. Nxf3 dxe4 33. Nh4 Qh7 34. Nxf5+ Qxf5 35. Kg1 Rd8 36. Rxe4 Rf7 37. Re7 Be5 38. Rxf7+ Kxf7 39. Qa2+ Kg7 40. dxe5 1-0

[Event "Ruhrgebiet Bezirksliga 16/17"]
[Site "Ruhrgebiet"]
[Date "2017.04.02"]
[Round "10.7"]
[White "Timpte, Susanne"]
[Black "Jenke, Johannes"]
[Result "0-1"]
[WhiteElo "1621"]
[BlackElo "1654"]
[PlyCount "70"]
[EventDate "2016.08.28"]
[EventType "team-tourn"]
[EventRounds "11"]
[EventCountry "GER"]
[SourceTitle "EXT 2022"]
[Source "ChessBase"]
[SourceDate "2021.10.06"]
[SourceVersion "1"]
[SourceVersionDate "2021.10.06"]
[SourceQuality "1"]
[WhiteTeam "Werne SK"]
[BlackTeam "Werl SC 1981"]
[WhiteTeamCountry "GER"]
[BlackTeamCountry "GER"]

1. c4 Nf6 2. Nc3 e6 3. g3 d5 4. cxd5 exd5 5. d4 c6 6. Bg2 Bd6 7. Nf3 0-0 8. 0-0 Re8 9. Qc2 Bg4 10. h3 Bh5 11. Bf4 Bg6 12. Qb3 b6 13. Bxd6 Qxd6 14. Nh4 Ne4 15. Nxe4 Bxe4 16. Nf3 Nd7 17. Rac1 Rac8 18. Rc3 Qf6 19. Qd1 c5 20. dxc5 bxc5 21. Nd2 Bxg2 22. Kxg2 d4 23. Ra3 Qc6+ 24. Kg1 Rc7 25. Re1 Qe6 26. h4 Ne5 27. e3 Ng4 28. Nf3 dxe3 29. fxe3 Qf6 30. Qe2 Rce7 31. Nh2 Nxe3 32. Rxe3 Rxe3 33. Ng4 Rxe2 34. Nxf6+ gxf6 35. Rb1 Re1+ 0-1

[Event "Ruhrgebiet Bezirksliga 16/17"]
[Site "Ruhrgebiet"]
[Date "2016.12.11"]
[Round "5.8"]
[White "Jenke, Johannes"]
[Black "Hellwig, Hugo"]
[Result "1/2-1/2"]
[WhiteElo "1654"]
[BlackElo "1499"]
[PlyCount "117"]
[EventDate "2016.08.28"]
[EventType "team-tourn"]
[EventRounds "11"]
[EventCountry "GER"]
[SourceTitle "EXT 2022"]
[Source "ChessBase"]
[SourceDate "2021.10.06"]
[SourceVersion "1"]
[SourceVersionDate "2021.10.06"]
[SourceQuality "1"]
[WhiteTeam "Werl SC 1981"]
[BlackTeam "Hamm Koenigsspringer II"]
[WhiteTeamCountry "GER"]
[BlackTeamCountry "GER"]

1. d4 Nf6 2. c4 e5 3. d5 d6 4. Nc3 Be7 5. e4 h6 6. Nf3 Bg4 7. Be2 0-0 8. h3 Bh5 9. 0-0 Nbd7 10. Be3 a6 11. Re1 Bg6 12. Bd3 Ne8 13. Qc2 Rc8 14. Rad1 Ndf6 15. g4 Qd7 16. Nh2 Nh7 17. f4 exf4 18. Bxf4 h5 19. Qe2 hxg4 20. hxg4 Ng5 21. Qe3 Nh7 22. e5 dxe5 23. Bxe5 Bxd3 24. Rxd3 Bd6 25. c5 Bxe5 26. Qxe5 Nef6 27. Qe7 Rfe8 28. Qxd7 Rxe1+ 29. Kf2 Nxd7 30. Kxe1 Nxc5 31. Rd4 Rd8 32. Rc4 b6 33. b4 Nd3+ 34. Kd2 b5 35. Rd4 Ne5 36. a4 bxa4 37. Nxa4 Ng5 38. Kc3 Ngf3 39. Nxf3 Nxf3 40. Rf4 Ne5 41. Rd4 g5 42. Nc5 Rd6 43. Ne4 Rg6 44. Nc5 Kg7 45. Re4 Nf3 46. Re7 Rd6 47. Rd7 Kf6 48. Ne4+ Ke5 49. Nxd6 cxd6 50. Rxf7 Ke4 51. Rf5 Ne5 52. Rxg5 Kxd5 53. Rg8 Ke6 54. Ra8 Nxg4 55. Rxa6 Kd5 56. Ra1 Ne5 57. Rd1+ Kc6 58. b5+ Kc5 59. b6 1/2-1/2

[Event "Ruhrgebiet VK3 1112"]
[Site "Nordrheinwestfalen"]
[Date "2012.04.22"]
[Round "9"]
[White "Jenke, Johannes"]
[Black "Loskarn, Peter"]
[Result "1-0"]
[WhiteElo "1632"]
[BlackElo "1853"]
[PlyCount "28"]
[EventDate "2012.09.18"]
[EventType "team-tourn"]
[EventRounds "9"]
[EventCountry "GER"]
[SourceTitle "EXT 2020"]
[Source "ChessBase"]
[SourceDate "2019.10.17"]
[SourceVersion "1"]
[SourceVersionDate "2019.10.17"]
[SourceQuality "1"]
[WhiteTeam "Werl SC 1981"]
[BlackTeam "Wacker Bergeborbeck"]
[WhiteTeamCountry "GER"]
[BlackTeamCountry "GER"]

1. d4 e6 2. e4 Nf6 3. e5 Ne4 4. Bd3 d5 5. Nf3 c5 6. Qe2 Nc6 7. Bxe4 dxe4 8. Qxe4 cxd4 9. 0-0 Bc5 10. Rd1 Qc7 11. c3 dxc3 12. Nxc3 a6 13. Na4 Ba7 14. Bg5 b5 1-0

[Event "Ruhrgebiet VK3 1112"]
[Site "Nordrheinwestfalen"]
[Date "2011.12.11"]
[Round "4.8"]
[White "Klinke, Werner"]
[Black "Jenke, Johannes"]
[Result "0-1"]
[WhiteElo "1911"]
[BlackElo "1632"]
[PlyCount "67"]
[EventDate "2012.09.18"]
[EventType "team-tourn"]
[EventRounds "9"]
[EventCountry "GER"]
[SourceTitle "EXT 2020"]
[Source "ChessBase"]
[SourceDate "2019.10.17"]
[SourceVersion "1"]
[SourceVersionDate "2019.10.17"]
[SourceQuality "1"]
[WhiteTeam "Eichlinghofen SV II"]
[BlackTeam "Werl SC 1981"]
[WhiteTeamCountry "GER"]
[BlackTeamCountry "GER"]

1. e4 e6 2. Nf3 d5 3. exd5 exd5 4. d4 Bd6 5. Bd3 Bg4 6. 0-0 Ne7 7. Bg5 f6 8. Be3 0-0 9. c4 c6 10. c5 Bc7 11. b4 Nf5 12. Qc2 g6 13. h3 Nxe3 14. fxe3 Bxf3 15. Rxf3 f5 16. Nc3 Qg5 17. Rb1 Re8 18. Nd1 a6 19. a4 Nd7 20. b5 axb5 21. axb5 Nf6 22. Qd2 Ne4 23. Bxe4 Rxe4 24. Nf2 Re7 25. Nd1 Rae8 26. Kf1 Bg3 27. bxc6 bxc6 28. Rb3 f4 29. Ra3 Re4 30. Rd3 h5 31. Qc1 fxe3 32. Nxe3 Bf4 33. Ke2 Qxg2+ 34. Rf2 0-1